000 00200 a2200097 4500
001 9289
100 _aKochan, L
245 _aThe making of modern Russia
260 _a
_bCape
_c
090 _c7458
_d7458
942 _aNUST-CAE
_cM
_c34109
999 _c244362
_d244362